Economie politique populaire
Enregistré dans:
| Auteur principal: | |
|---|---|
| Format: | Livre |
| Langue: | français |
| Publié: |
París
Hachette
1883
|
| Édition: | 3a. ed |
| Sujets: | |
| Tags: |
Ajouter un tag
Pas de tags, Soyez le premier à ajouter un tag!
|
MARC
| LEADER | 00000nam a2200000 a 4500 | ||
|---|---|---|---|
| 001 | UCR4201 | ||
| 003 | CL-VaPUC | ||
| 008 | 980307e18830000FR |||||||||||||||||fre|d | ||
| 082 | 0 | 4 | |a 330.1 |b BAU |2 21 |
| 100 | 0 | |a Baudrillart, H |e author |9 403936 | |
| 245 | 1 | 0 | |a Economie politique populaire |
| 250 | |a 3a. ed | ||
| 300 | |a 339 p | ||
| 942 | |c BK | ||
| 945 | |d 19980307 00:00:00 |a cmena | ||
| 260 | |a París |b Hachette |c 1883 | ||
| 500 | |a Donación del padre Enrique Pascal García Huidobro | ||
| 650 | 0 | |a Economía política |9 255814 | |
| 650 | 7 | |a ECONOMIA POPULAR |2 CL-VaPUC |9 327736 | |
| 650 | 0 | |a Desarrollo económico y social |9 256320 | |
| 650 | 0 | |a Distribución del ingreso |9 334288 | |
| 650 | 0 | |a Cambio social |9 256857 | |
| 583 | |a last modification |c 19980307 00:00:00 |k Rodrigo Vera | ||
| 999 | |c 267152 |d 267150 | ||
| 952 | |0 0 |1 0 |4 0 |6 330_100000000000000_BAU_1883 |7 0 |8 X |9 299350 |a BIBDER |b BIBDER |d 2019-11-20 |i 1958631 |o 330.1 BAU 1883 |p 1958631 |r 2023-01-25 |w 2019-11-20 |y BK_X |k DER | ||